A course in electrical engineering. (Record no. 545315)
[ view plain ]
| 000 -LEADER | |
|---|---|
| fixed length control field | 00602cam a22001811 4500 |
| 082 ## - DEWEY DECIMAL CLASSIFICATION NUMBER | |
| Classification number | 621.3 |
| Author Mark | DAW |
| 100 1# - MAIN ENTRY--PERSONAL NAME | |
| Personal name | Dawes, Chester L. (Chester Laurens), |
| 9 (RLIN) | 41128 |
| 245 02 - TITLE STATEMENT | |
| Title | A course in electrical engineering. |
| Statement of responsibility, etc. | By Chester L. Dawes. |
| 250 ## - EDITION STATEMENT | |
| Edition statement | 1st ed. |
| 260 ## - PUBLICATION, DISTRIBUTION, ETC. | |
| Place of publication, distribution, etc. | New York, |
| Name of publisher, distributor, etc. | McGraw-Hill Book Company, inc., |
| Date of publication, distribution, etc. | 1920- |
| 300 ## - PHYSICAL DESCRIPTION | |
| Extent | v.p736. |
| Other physical details | illus., diagrs. |
| Dimensions | 21 cm. |
| 490 0# - SERIES STATEMENT | |
| Series statement | Electrical engineering texts |
| 505 1# - FORMATTED CONTENTS NOTE | |
| Formatted contents note | I. Direct currents--II. Alternating currents. |
| 526 ## - STUDY PROGRAM INFORMATION NOTE | |
| Program name | 0 |
| Interest level | 0 |
| Reading level | 0 |
| Title point value | 621_300000000000000_DAW |
| 650 #0 - SUBJECT ADDED ENTRY--TOPICAL TERM | |
| Topical term or geographic name entry element | Electrical engineering. |
| 650 #0 - SUBJECT ADDED ENTRY--TOPICAL TERM | |
| Topical term or geographic name entry element | MCE |
| 9 (RLIN) | 379 |
| 942 ## - ADDED ENTRY ELEMENTS (KOHA) | |
| Source of classification or shelving scheme | |
| Koha item type | Book |
| Withdrawn status | Lost status | Source of classification or shelving scheme | Damaged status | Not for loan | Permanent Location | Current Location | Date acquired | Total Checkouts | Full call number | Barcode | Date last seen | Price effective from | Koha item type |
|---|---|---|---|---|---|---|---|---|---|---|---|---|---|
| Military College of Engineering (MCE) | Military College of Engineering (MCE) | 05/21/2014 | 621.3 DAW | MCE-2939 | 05/21/2014 | 05/21/2014 | Book |
